00300 a2200109 4500001000700000020000600007040001100013100003200024240006500056245006000121362000900181164347 a  cMagnum aFerretti, Celso Joao Et Al.10aTrabalho formacao e curriculo: para onde vai a escola ?lpor10aTrabalho formacao e curriculo: para onde vai a escola ?0 a1899